1867 1233 1580 1304 1915 1417 1880 1609 1325 1124 1372 1473 1515 1885 1588 1405 1698 1870 1945 1489 1930 1990 1236 1089 1556 1840 1781 1838 1532 1042 1117 1575 1084 1093 1618 1889 1488 1357 1477 1285 1661 1962 1438 1737 1522 1089 1226 1455 1108 1341 1130 1274 1109 1342 1078 1619 1753 1181 1379 1160 1699 1541 1915 1237 1545 1750 1809 1293 1656 1503 1263 1474 1702 1207 1575 1983 1619 1199 1521 1557 1014 1740 1330 1740 1669 1720 1365 1949 1850 1148 1525 1698 1656 1678 1332 1241 1541 1169 1014 BCNSPRNW ULIB Ver.6.0+V

เปลี่ยนเป็นภาษาไทย

Change to English
 แสดงรายละเอียดบรรณานุกรม
  กลับหน้าหลัก

Brief Record : Get Marc (ISO 2709) : E-mail record : QR code < ปิดหน้าต่าง
LEADER : 00000nam 2200000uu 4500
001    13399113220
003     ULIB
008    111003s2552||||th 000 0 tha d
020    9789740204633
050  4 QC981.8.G56^bก342O 2552
100 0  กอร์, อัล
245 10 Our choice :^bปฏิบัติการกู้โลกร้อนทางเลือกสู่ทางรอดแบบยั่งยืน /^cAl Gore เขียน ; อัล กอร์ เขียน ; บัณฑิต คงอินทร์ ... [และคนอื่นๆ] แปล ; ศิริพงษ์ วิทยวิโรจน์ บรรณาธิการ
246 30 ปฏิบัติการกู้โลกร้อน ทางเลือกสู่ทางรอดแบบยั่งยืน
246 31 Our choice : a plan to solve the climate crisis
250    พิมพ์ครั้งที่ 1
260    กรุงเทพฯ :^bมติชน,^c2552
300    414 หน้า :^bภาพประกอบ ;^c23 ซม.
500    แปลจากเรื่อง Our choice : a plan to solve the climatecrisis
650  4 ภาวะโลกร้อน
650  4 ความร้อน^xผลกระทบต่อสิ่งแวดล้อม
650  4 การเปลี่ยนแปลงอุณหภูมิโลก
650  4 ปรารกฎการณ์เรือนกระจก
650  4 นิเวศวิทยา
650  4 นโยบายสิ่งแวดล้อม
700 0  บัณฑิต คงอินทร์
700 0  ศิริพงษ์ วิทยวิโรจน์,^eบรรณาธิการ
700 0  Gore, Al
945    ^p550^l0^i027444
995    ทศพร
999 ^a ทศพร
รายการนี้ยังไม่มีแท็ก
คุณยังไม่ได้ล็อกอิน คุณสามารถมีกิจกรรมร่วมกับเว็บไซต์ได้ แต่ต้องล็อกอินก่อน ::
  ล็อกอิน

รายการสื่อสารสนเทศ

ลำดับที่ ประเภท เลขเรียก/บาร์โค้ด สถานที่ สถานะ
- ไม่พบข้อมูล -

รายการใกล้เคียง
    ผู้แต่ง [กอร์, อัล]

    หัวเรื่อง [ภาวะโลกร้อน]
    หัวเรื่อง [การเปลี่ยนแปลงอุณหภูมิโลก]
    หัวเรื่อง [ปรารกฎการณ์เรือนกระจก]
    หัวเรื่อง [นิเวศวิทยา]
    หัวเรื่อง [นโยบายสิ่งแวดล้อม]

BibComment


ยังไม่เคยถูกคอมเมนท์

คอมเมนท์ทรัพยากรรายการนี้
  คอมเมนท์: Our choice ปฏิบั..


 Copyright 2026. Bcnsprnw @Library